[Event "Stay Safe Play From Home 413"]
[Site "Emanuel Lasker Arena"]
[Date "2020.08.26"]
[Round "6"]
[White "Kongle"]
[Black "Nguyen Hong Anh"]
[Result "0-1"]
[WhiteElo "1691"]
[BlackElo "2179"]
[PlyCount "76"]
[EventDate "2020.08.26"]
[EventType "swiss (blitz)"]

1. d4 {[%emt 0:00:01]} Nf6 {[%emt 0:00:01]} 2. c4 {[%emt 0:00:02]} g6 {[%emt 0:00:01]} 3. Nc3 {[%emt 0:00:01]} d5 {[%emt 0:00:01]} 4. Bg5 {[%emt 0:00:04]} Ne4 {[%emt 0:00:02]} 5. Nxe4 {[%emt 0:00:03]} dxe4 {[%emt 0:00:01]} 6. Bd2 {[%emt 0:00:02]} Qxd4 {[%emt 0:00:03]} 7. e3 {[%emt 0:00:03]} Qxb2 {[%emt 0:00:15]} 8. Ne2 {[%emt 0:00:08]} Bg7 {[%emt 0:00:02]} 9. Rb1 {[%emt 0:00:06]} Qxa2 {[%emt 0:00:02]} 10. Nd4 {[%emt 0:00:02]} c6 {[%emt 0:00:30]} 11. Qc1 {[%emt 0:00:08]} Qa6 {[%emt 0:00:29]} 12. c5 {[%emt 0:00:09]} b5 {[%emt 0:00:11]} 13. cxb6 {[%emt 0:00:05]} Qb7 {[%emt 0:00:01]} 14. bxa7 {[%emt 0:00:09]} Qxa7 {[%emt 0:00:01]} 15. Nxc6 {[%emt 0:00:02]} Nxc6 {[%emt 0:00:02]} 16. Qxc6+ {[%emt 0:00:02]} Bd7 {[%emt 0:00:01]} 17. Qxe4 {[%emt 0:00:11]} O-O {[%emt 0:00:02]} 18. Be2 {[%emt 0:00:10]} Bf5 {[%emt 0:00:03]} 19. Qb4 {[%emt 0:00:16]} Bxb1 {[%emt 0:00:04]} 20. Qxb1 {[%emt 0:00:02]} Rfb8 {[%emt 0:00:04]} 21. Qd1 {[%emt 0:00:29]} Qd7 {[%emt 0:00:08]} 22. O-O {[%emt 0:00:18]} Ra1 {[%emt 0:00:13]} 23. Qc2 {[%emt 0:00:01]} Rb2 {[%emt 0:00:19]} 24. Rxa1 {[%emt 0:00:40]} Rxc2 {[%emt 0:00:04]} 25. Ra8+ {[%emt 0:00:03]} Bf8 {[%emt 0:00:08]} 26. Bb4 {[%emt 0:00:35]} Rxe2 {[%emt 0:00:05]} 27. g3 {[%emt 0:00:01]} Qb7 {[%emt 0:00:03]} 28. Ra4 {[%emt 0:00:18]} Qb6 {[%emt 0:00:01]} 29. Bc3 {[%emt 0:00:14]} Qb3 {[%emt 0:00:02]} 30. Ra8 {[%emt 0:00:12]} Qxc3 {[%emt 0:00:02]} 31. h4 {[%emt 0:00:01]} Qe1+ {[%emt 0:00:15]} 32. Kg2 {[%emt 0:00:03]} Qxf2+ {[%emt 0:00:02]} 33. Kh3 {[%emt 0:00:01]} Qg2+ {[%emt 0:00:01]} 34. Kg4 {[%emt 0:00:01]} h5+ {[%emt 0:00:02]} 35. Kf4 {[%emt 0:00:11]} Rf2+ {[%emt 0:00:27]} 36. Ke5 {[%emt 0:00:05]} Qxg3+ {[%emt 0:00:01]} 37. Kd4 {[%emt 0:00:00]} Rd2+ {[%emt 0:00:01]} 38. Kc3 {[%emt 0:00:01]} Qxe3+ {[%emt 0:00:01] Time Time Time (Lag: Av=1.37s, max=4.2s) (Lag: Av=1.37s, max=4.2s) (Lag: Av=1.37s, max=4.2s)} 0-1

[Event "Stay Safe Play From Home 413"]
[Site "Emanuel Lasker Arena"]
[Date "2020.08.26"]
[Round "7"]
[White "Nguyen Hong Anh"]
[Black "Mepe_Nika"]
[Result "1-0"]
[WhiteElo "2181"]
[BlackElo "2298"]
[PlyCount "139"]
[EventDate "2020.08.26"]
[EventType "swiss (blitz)"]

1. d4 {[%emt 0:00:02]} d5 {[%emt 0:00:15]} 2. c4 {[%emt 0:00:07]} c6 {[%emt 0:00:01]} 3. Nf3 {[%emt 0:00:02]} Nf6 {[%emt 0:00:01]} 4. Qc2 {[%emt 0:00:01]} dxc4 {[%emt 0:00:00]} 5. Qxc4 {[%emt 0:00:01]} Bf5 {[%emt 0:00:00]} 6. Nc3 {[%emt 0:00:02]} e6 {[%emt 0:00:00]} 7. g3 {[%emt 0:00:01]} Be7 {[%emt 0:00:02]} 8. Bg2 {[%emt 0:00:01]} O-O {[%emt 0:00:01]} 9. O-O {[%emt 0:00:00]} Nbd7 {[%emt 0:00:02]} 10. Re1 {[%emt 0:00:01]} Ne4 {[%emt 0:00:02]} 11. Nd2 {[%emt 0:00:02]} Nb6 {[%emt 0:00:03]} 12. Qb3 {[%emt 0:00:02]} Nxd2 {[%emt 0:00:12]} 13. Bxd2 {[%emt 0:00:02]} Qxd4 {[%emt 0:00:01]} 14. Be3 {[%emt 0:00:05]} Qc4 {[%emt 0:00:05]} 15. Qd1 {[%emt 0:00:12]} Rfd8 {[%emt 0:00:01]} 16. Qc1 {[%emt 0:00:01]} Bf6 {[%emt 0:00:04]} 17. Bd2 {[%emt 0:00:28]} Rd7 {[%emt 0:00:08]} 18. b3 {[%emt 0:00:10]} Qd4 {[%emt 0:00:12]} 19. Rd1 {[%emt 0:00:04]} Qg4 {[%emt 0:00:01]} 20. e4 {[%emt 0:00:05]} Bg6 {[%emt 0:00:11]} 21. h3 {[%emt 0:00:02]} Qh5 {[%emt 0:00:04]} 22. Rb1 {[%emt 0:00:22]} Rad8 {[%emt 0:00:01]} 23. Be3 {[%emt 0:00:06]} Rxd1+ {[%emt 0:00:11]} 24. Nxd1 {[%emt 0:00:02]} Bd4 {[%emt 0:00:12]} 25. Bg5 {[%emt 0:00:07]} Bf6 {[%emt 0:00:18]} 26. Be3 {[%emt 0:00:08]} Qe2 {[%emt 0:00:04]} 27. Nc3 {[%emt 0:00:06]} Bxc3 {[%emt 0:00:19]} 28. Qxc3 {[%emt 0:00:01]} Qd3 {[%emt 0:00:03]} 29. Qxd3 {[%emt 0:00:09]} Rxd3 {[%emt 0:00:00]} 30. a4 {[%emt 0:00:01]} Kf8 {[%emt 0:00:18]} 31. a5 {[%emt 0:00:02]} Nc8 {[%emt 0:00:01]} 32. b4 {[%emt 0:00:01]} a6 {[%emt 0:00:05]} 33. Rc1 {[%emt 0:00:04]} Ke8 {[%emt 0:00:03]} 34. Bc5 {[%emt 0:00:06]} Nd6 {[%emt 0:00:06]} 35. Bf1 {[%emt 0:00:05]} Rd2 {[%emt 0:00:01]} 36. e5 {[%emt 0:00:02]} Ne4 {[%emt 0:00:07]} 37. Be3 {[%emt 0:00:01]} Rd5 {[%emt 0:00:05]} 38. Bc4 {[%emt 0:00:10]} Rxe5 {[%emt 0:00:10]} 39. Rd1 {[%emt 0:00:05]} Nxg3 {[%emt 0:00:16]} 40. Bb6 {[%emt 0:00:10]} Ne2+ {[%emt 0:00:07]} 41. Kf1 {[%emt 0:00:02]} Nf4 {[%emt 0:00:20]} 42. Rd8+ {[%emt 0:00:15]} Ke7 {[%emt 0:00:00]} 43. Rb8 {[%emt 0:00:01]} Bd3+ {[%emt 0:00:01]} 44. Bxd3 {[%emt 0:00:02]} Nxd3 {[%emt 0:00:00]} 45. Rxb7+ {[%emt 0:00:00]} Kd6 {[%emt 0:00:03]} 46. Bc7+ {[%emt 0:00:02]} Kd5 {[%emt 0:00:00]} 47. Bxe5 {[%emt 0:00:01]} Nxe5 {[%emt 0:00:00]} 48. f4 {[%emt 0:00:02]} Nd3 {[%emt 0:00:11]} 49. Rxf7 {[%emt 0:00:07]} g6 {[%emt 0:00:00]} 50. Rxh7 {[%emt 0:00:07]} Nxb4 {[%emt 0:00:05]} 51. Rg7 {[%emt 0:00:01]} Nd3 {[%emt 0:00:01]} 52. Rxg6 {[%emt 0:00:04]} Nxf4 {[%emt 0:00:00]} 53. Rg5+ {[%emt 0:00:02]} e5 {[%emt 0:00:01]} 54. h4 {[%emt 0:00:01]} Ke6 {[%emt 0:00:06]} 55. Rg8 {[%emt 0:00:06]} e4 {[%emt 0:00:07]} 56. Ra8 {[%emt 0:00:02]} e3 {[%emt 0:00:00]} 57. Rxa6 {[%emt 0:00:01]} Kd5 {[%emt 0:00:01]} 58. h5 {[%emt 0:00:04]} Nxh5 {[%emt 0:00:04]} 59. Ke2 {[%emt 0:00:01]} c5 {[%emt 0:00:02]} 60. Kxe3 {[%emt 0:00:01]} c4 {[%emt 0:00:01]} 61. Rh6 {[%emt 0:00:02]} Ng3 {[%emt 0:00:01]} 62. Kd2 {[%emt 0:00:01]} Ne4+ {[%emt 0:00:01]} 63. Kc2 {[%emt 0:00:01]} Nc5 {[%emt 0:00:00]} 64. Rh5+ {[%emt 0:00:07]} Kc6 {[%emt 0:00:01]} 65. Kc3 {[%emt 0:00:01]} Nb7 {[%emt 0:00:02]} 66. Kxc4 {[%emt 0:00:01]} Nd6+ {[%emt 0:00:00]} 67. Kb4 {[%emt 0:00:01]} Kb7 {[%emt 0:00:00]} 68. Kc5 {[%emt 0:00:02]} Nc8 {[%emt 0:00:00]} 69. Rh6 {[%emt 0:00:02]} Kb8 {[%emt 0:00:00]} 70. Rh7 {[%emt 0:00:02] Time Time Time (Lag: Av=0.99s, max=1.6s) (Lag: Av=0.99s, max=1.6s) (Lag: Av=0.99s, max=1.6s)} 1-0

[Event "Stay Safe Play From Home 413"]
[Site "Emanuel Lasker Arena"]
[Date "2020.08.26"]
[Round "7"]
[White "MihailoVujic"]
[Black "Don59as"]
[Result "1-0"]
[WhiteElo "2160"]
[BlackElo "2067"]
[Annotator "NA"]
[PlyCount "73"]
[EventDate "2020.08.26"]
[EventType "swiss (blitz)"]

1. e4 {[%emt 0:00:01]} e5 {[%emt 0:00:01]} 2. Nf3 {[%emt 0:00:02]} Nc6 {[%emt 0:00:01]} 3. d4 {[%emt 0:00:02]} exd4 {[%emt 0:00:01]} 4. Nxd4 {[%emt 0:00:01]} d6 {[%emt 0:00:01]} 5. Nc3 {[%emt 0:00:02] MihailoVujic offers a draw MihailoVujic offers a draw MihailoVujic offers a draw} Nf6 {[%emt 0:00:19]} 6. Be2 {[%emt 0:00:02]} Be7 {[%emt 0:00:01]} 7. O-O {[%emt 0:00:01]} O-O {[%emt 0:00:01]} 8. Be3 {[%emt 0:00:01]} Bd7 {[%emt 0:00:01]} 9. f4 {[%emt 0:00:01]} a6 {[%emt 0:00:01]} 10. Bf3 {[%emt 0:00:01]} Rb8 {[%emt 0:00:08]} 11. Qd2 {[%emt 0:00:02]} Nxd4 {[%emt 0:00:07]} 12. Bxd4 {[%emt 0:00:02]} Bc6 {[%emt 0:00:01]} 13. Rae1 {[%emt 0:00:02]} Re8 {[%emt 0:00:01]} 14. Nd5 {[%emt 0:00:02]} Nxd5 {[%emt 0:00:06]} 15. exd5 {[%emt 0:00:00]} Bb5 {[%emt 0:00:03]} 16. Rf2 {[%emt 0:00:09]} Bf6 {[%emt 0:00:03]} 17. Rxe8+ {[%emt 0:00:03]} Bxe8 {[%emt 0:00:02]} 18. Bxf6 {[%emt 0:00:00]} Qxf6 {[%emt 0:00:01]} 19. c3 {[%emt 0:00:08]} Bb5 {[%emt 0:00:09]} 20. b3 {[%emt 0:00:14]} Re8 {[%emt 0:00:15]} 21. a4 {[%emt 0:00:02]} Bd7 {[%emt 0:00:03]} 22. Re2 {[%emt 0:00:07]} g6 {[%emt 0:00:21]} 23. Rxe8+ {[%emt 0:00:06]} Bxe8 {[%emt 0:00:01]} 24. Qe3 {[%emt 0:00:05]} Bd7 {[%emt 0:00:02]} 25. a5 {[%emt 0:00:11]} h5 {[%emt 0:00:07]} 26. g3 {[%emt 0:00:01]} Kf8 {[%emt 0:00:21]} 27. Kf2 {[%emt 0:00:08]} Bg4 {[%emt 0:00:07]} 28. Bg2 {[%emt 0:00:12]} Bf5 {[%emt 0:00:09]} 29. Qd4 {[%emt 0:00:11]} Qxd4+ {[%emt 0:00:07]} 30. cxd4 {[%emt 0:00:00]} Bc2 {[%emt 0:00:06]} 31. b4 {[%emt 0:00:02]} b6 {[%emt 0:00:02]} 32. Bf1 {[%emt 0:00:04]} bxa5 {[%emt 0:00:03]} 33. bxa5 {[%emt 0:00:02]} Bb3 {[%emt 0:00:09]} 34. Bxa6 {[%emt 0:00:02]} Bxd5 {[%emt 0:00:01]} 35. Bc8 {[%emt 0:00:02]} Ke7 {[%emt 0:00:01]} 36. a6 {[%emt 0:00:01]} Kd8 {[%emt 0:00:09]} 37. Bb7 {[%emt 0:00:01] Don59as resigns Don59as resigns Don59as resigns (Lag: Av=0.72s, max=1.1s) (Lag: Av=0.72s, max=1.1s) (Lag: Av=0.72s, max=1.1s)} 1-0

[Event "Stay Safe Play From Home 413"]
[Site "Emanuel Lasker Arena"]
[Date "2020.08.26"]
[Round "7"]
[White "ionelluca"]
[Black "Andy416"]
[Result "1/2-1/2"]
[WhiteElo "2035"]
[BlackElo "2173"]
[Annotator "NA"]
[PlyCount "140"]
[EventDate "2020.08.26"]
[EventType "swiss (blitz)"]

1. c4 {[%emt 0:00:13]} e5 {[%emt 0:00:07]} 2. Nc3 {[%emt 0:00:01]} Nc6 {[%emt 0:00:06]} 3. g3 {[%emt 0:00:01]} Bc5 {[%emt 0:00:04]} 4. Bg2 {[%emt 0:00:01]} d6 {[%emt 0:00:02]} 5. e3 {[%emt 0:00:01]} Nf6 {[%emt 0:00:04]} 6. Nge2 {[%emt 0:00:03]} O-O {[%emt 0:00:04]} 7. d4 {[%emt 0:00:01]} Bb6 {[%emt 0:00:05]} 8. d5 {[%emt 0:00:05]} Ne7 {[%emt 0:00:06]} 9. h3 {[%emt 0:00:03]} c6 {[%emt 0:00:05]} 10. e4 {[%emt 0:00:01]} h6 {[%emt 0:00:04]} 11. O-O {[%emt 0:00:02]} cxd5 {[%emt 0:00:05]} 12. cxd5 {[%emt 0:00:02]} Bd7 {[%emt 0:00:05]} 13. Kh2 {[%emt 0:00:01]} Bc5 {[%emt 0:00:07]} 14. a3 {[%emt 0:00:03]} a5 {[%emt 0:00:03]} 15. Rb1 {[%emt 0:00:02]} Qc7 {[%emt 0:00:04]} 16. b4 {[%emt 0:00:03]} axb4 {[%emt 0:00:03]} 17. axb4 {[%emt 0:00:01]} Bb6 {[%emt 0:00:02]} 18. Qd3 {[%emt 0:00:01]} Rfc8 {[%emt 0:00:10]} 19. Bb2 {[%emt 0:00:14]} Ng6 {[%emt 0:00:04]} 20. Ra1 {[%emt 0:00:07]} Rxa1 {[%emt 0:00:05]} 21. Bxa1 {[%emt 0:00:01]} Kh7 {[%emt 0:00:07]} 22. Bb2 {[%emt 0:00:02]} Qc4 {[%emt 0:00:07]} 23. Qxc4 {[%emt 0:00:05]} Rxc4 {[%emt 0:00:00]} 24. Ba3 {[%emt 0:00:05]} Bd4 {[%emt 0:00:09]} 25. Nxd4 {[%emt 0:00:22]} Rxc3 {[%emt 0:00:04]} 26. Bb2 {[%emt 0:00:25]} Rc8 {[%emt 0:00:03]} 27. Nf5 {[%emt 0:00:07]} Bxf5 {[%emt 0:00:09]} 28. exf5 {[%emt 0:00:01]} Ne7 {[%emt 0:00:01]} 29. g4 {[%emt 0:00:01]} Rc2 {[%emt 0:00:05]} 30. Ba1 {[%emt 0:00:09]} Nexd5 {[%emt 0:00:11]} 31. Rd1 {[%emt 0:00:08]} Rxf2 {[%emt 0:00:13]} 32. Kh1 {[%emt 0:00:25]} Ne3 {[%emt 0:00:06]} 33. Rg1 {[%emt 0:00:02]} Nxg2 {[%emt 0:00:05]} 34. Rxg2 {[%emt 0:00:01]} Rf1+ {[%emt 0:00:02]} 35. Rg1 {[%emt 0:00:02]} Rf3 {[%emt 0:00:07]} 36. Kg2 {[%emt 0:00:06]} Ra3 {[%emt 0:00:05]} 37. Rd1 {[%emt 0:00:03]} Ne4 {[%emt 0:00:06]} 38. b5 {[%emt 0:00:05]} Ra2+ {[%emt 0:00:05]} 39. Kf3 {[%emt 0:00:03]} Ng5+ {[%emt 0:00:06]} 40. Kg3 {[%emt 0:00:01]} Ra3+ {[%emt 0:00:05]} 41. Kg2 {[%emt 0:00:02]} Nxh3 {[%emt 0:00:05]} 42. Bb2 {[%emt 0:00:11]} Nf4+ {[%emt 0:00:14]} 43. Kf1 {[%emt 0:00:01]} Rb3 {[%emt 0:00:04]} 44. Bc1 {[%emt 0:00:03]} Rb1 {[%emt 0:00:03]} 45. Ke1 {[%emt 0:00:04]} Rxc1 {[%emt 0:00:07]} 46. Rxc1 {[%emt 0:00:01]} Nd3+ {[%emt 0:00:02]} 47. Kd2 {[%emt 0:00:01]} Nxc1 {[%emt 0:00:02]} 48. Kxc1 {[%emt 0:00:00]} g6 {[%emt 0:00:03]} 49. Kd2 {[%emt 0:00:05]} gxf5 {[%emt 0:00:03]} 50. gxf5 {[%emt 0:00:01]} Kg7 {[%emt 0:00:04]} 51. Kc3 {[%emt 0:00:04]} h5 {[%emt 0:00:03]} 52. Kc4 {[%emt 0:00:01]} h4 {[%emt 0:00:02]} 53. Kd5 {[%emt 0:00:01]} Kf6 {[%emt 0:00:04]} 54. Kxd6 {[%emt 0:00:01]} h3 {[%emt 0:00:03]} 55. Kc7 {[%emt 0:00:01]} h2 {[%emt 0:00:02]} 56. Kxb7 {[%emt 0:00:01]} h1=Q+ {[%emt 0:00:01]} 57. Kc7 {[%emt 0:00:01]} Qc1+ {[%emt 0:00:02]} 58. Kd7 {[%emt 0:00:01]} e4 {[%emt 0:00:03]} 59. b6 {[%emt 0:00:01]} Qd2+ {[%emt 0:00:06]} 60. Kc7 {[%emt 0:00:02]} Qc3+ {[%emt 0:00:02]} 61. Kd7 {[%emt 0:00:01]} Qd4+ {[%emt 0:00:02]} 62. Kc7 {[%emt 0:00:01]} Qc5+ {[%emt 0:00:01]} 63. Kb7 {[%emt 0:00:01]} Qd5+ {[%emt 0:00:02]} 64. Kc7 {[%emt 0:00:01]} Ke7 {[%emt 0:00:02]} 65. b7 {[%emt 0:00:02]} Qd6+ {[%emt 0:00:01]} 66. Kc8 {[%emt 0:00:02]} Qc6+ {[%emt 0:00:01]} 67. Kb8 {[%emt 0:00:01]} Kd7 {[%emt 0:00:01]} 68. f6 {[%emt 0:00:02]} Qc7+ {[%emt 0:00:01]} 69. Ka8 {[%emt 0:00:01]} Qa5+ {[%emt 0:00:01]} 70. Kb8 {[%emt 0:00:01]} e3 {[%emt 0:00:03] Stalemate Stalemate Stalemate (Lag: Av=0.65s, max=1.1s) (Lag: Av=0.65s, max=1.1s) (Lag: Av=0.65s, max=1.1s)} 1/2-1/2

[Event "Stay Safe Play From Home 413"]
[Site "Emanuel Lasker Arena"]
[Date "2020.08.26"]
[Round "7"]
[White "lazieri3"]
[Black "Dukic"]
[Result "1-0"]
[WhiteElo "2013"]
[BlackElo "1848"]
[Annotator "NA"]
[PlyCount "69"]
[EventDate "2020.08.26"]
[EventType "swiss (blitz)"]

1. e4 {[%emt 0:00:01]} c5 {[%emt 0:00:02]} 2. Nc3 {[%emt 0:00:02]} e6 {[%emt 0:00:00]} 3. Nf3 {[%emt 0:00:01]} a6 {[%emt 0:00:01]} 4. d3 {[%emt 0:00:01]} b5 {[%emt 0:00:03]} 5. a3 {[%emt 0:00:01]} Bb7 {[%emt 0:00:01]} 6. Bg5 {[%emt 0:00:01]} Qb6 {[%emt 0:00:02]} 7. g3 {[%emt 0:00:03]} h6 {[%emt 0:00:06]} 8. Be3 {[%emt 0:00:01]} Nf6 {[%emt 0:00:01]} 9. Bg2 {[%emt 0:00:01]} d5 {[%emt 0:00:02]} 10. exd5 {[%emt 0:00:01]} exd5 {[%emt 0:00:01]} 11. d4 {[%emt 0:00:02]} Nbd7 {[%emt 0:00:26]} 12. O-O {[%emt 0:00:09]} Be7 {[%emt 0:00:03]} 13. Ne5 {[%emt 0:00:06]} Rd8 {[%emt 0:00:11]} 14. Nxd7 {[%emt 0:00:40]} Rxd7 {[%emt 0:00:01]} 15. dxc5 {[%emt 0:00:06]} Bxc5 {[%emt 0:00:11]} 16. Bxc5 {[%emt 0:00:00]} Qxc5 {[%emt 0:00:01]} 17. Re1+ {[%emt 0:00:02]} Kf8 {[%emt 0:00:10]} 18. Qd2 {[%emt 0:00:35]} g6 {[%emt 0:00:13]} 19. Re5 {[%emt 0:00:43]} Kg7 {[%emt 0:00:05]} 20. Rae1 {[%emt 0:00:02]} Rhd8 {[%emt 0:00:08]} 21. Qf4 {[%emt 0:00:13]} Qc7 {[%emt 0:00:14]} 22. Bh3 {[%emt 0:00:07]} Rd6 {[%emt 0:00:14]} 23. Re7 {[%emt 0:00:04]} Qb6 {[%emt 0:00:03]} 24. Be6 {[%emt 0:00:19]} Rf8 {[%emt 0:00:32]} 25. Rxb7 {[%emt 0:00:03]} Qxb7 {[%emt 0:00:06]} 26. Qxd6 {[%emt 0:00:01]} fxe6 {[%emt 0:00:01]} 27. Rxe6 {[%emt 0:00:05]} Rf7 {[%emt 0:00:03]} 28. Qxa6 {[%emt 0:00:10]} Qc7 {[%emt 0:00:44]} 29. Qc6 {[%emt 0:00:11]} Qd8 {[%emt 0:00:07]} 30. Qd6 {[%emt 0:00:25]} Rd7 {[%emt 0:00:09]} 31. Qe5 {[%emt 0:00:04]} Kf7 {[%emt 0:00:12]} 32. Nxb5 {[%emt 0:00:13]} d4 {[%emt 0:00:03]} 33. Nd6+ {[%emt 0:00:04]} Rxd6 {[%emt 0:00:20]} 34. Rxd6 {[%emt 0:00:03]} Qxd6 {[%emt 0:00:02]} 35. Qxd6 {[%emt 0:00:01] Dukic gibt auf Dukic gibt auf Dukic gibt auf (Lag: Av=0.48s, max=0.7s) (Lag: Av=0.48s, max=0.7s) (Lag: Av=0.48s, max=0.7s)} 1-0

[Event "Stay Safe Play From Home 413"]
[Site "Emanuel Lasker Arena"]
[Date "2020.08.26"]
[Round "7"]
[White "Vinter"]
[Black "Tvtower68"]
[Result "0-1"]
[WhiteElo "1416"]
[BlackElo "1737"]
[Annotator "NA"]
[PlyCount "69"]
[EventDate "2020.08.26"]
[EventType "swiss (blitz)"]

1. d4 {[%emt 0:00:04]} d5 {[%emt 0:00:01]} 2. c4 {[%emt 0:00:02]} c5 {[%emt 0:00:01]} 3. cxd5 {[%emt 0:00:03]} Qxd5 {[%emt 0:00:01]} 4. Nf3 {[%emt 0:00:07]} cxd4 {[%emt 0:00:02]} 5. Nc3 {[%emt 0:00:07]} Qa5 {[%emt 0:00:02]} 6. Nxd4 {[%emt 0:00:14]} e5 {[%emt 0:00:01]} 7. Nb3 {[%emt 0:00:16]} Qb4 {[%emt 0:00:01]} 8. Bd2 {[%emt 0:00:09]} Qg4 {[%emt 0:00:02]} 9. e3 {[%emt 0:00:16]} Qxd1+ {[%emt 0:00:02]} 10. Rxd1 {[%emt 0:00:02]} Nf6 {[%emt 0:00:09]} 11. Bc4 {[%emt 0:00:15]} a6 {[%emt 0:00:04]} 12. a4 {[%emt 0:00:50]} Be7 {[%emt 0:00:02]} 13. O-O {[%emt 0:00:04]} Nc6 {[%emt 0:00:02]} 14. f4 {[%emt 0:00:22]} O-O {[%emt 0:00:04]} 15. fxe5 {[%emt 0:00:14]} Nxe5 {[%emt 0:00:02]} 16. Be2 {[%emt 0:00:03]} Be6 {[%emt 0:00:05]} 17. Nd4 {[%emt 0:00:04]} Bc4 {[%emt 0:00:14]} 18. Nf5 {[%emt 0:00:08]} Bd8 {[%emt 0:00:08]} 19. Rf4 {[%emt 0:00:17]} Bxe2 {[%emt 0:00:03]} 20. Nxe2 {[%emt 0:00:04]} Nd3 {[%emt 0:00:01]} 21. Rd4 {[%emt 0:00:07]} Nc5 {[%emt 0:00:09]} 22. Bb4 {[%emt 0:00:03]} b6 {[%emt 0:00:07]} 23. Ba3 {[%emt 0:00:08]} Re8 {[%emt 0:00:03]} 24. Kf2 {[%emt 0:00:04]} Ne6 {[%emt 0:00:06]} 25. Rd6 {[%emt 0:00:05]} g6 {[%emt 0:00:04]} 26. Nh6+ {[%emt 0:00:04]} Kg7 {[%emt 0:00:02]} 27. Nxf7 {[%emt 0:00:18]} Ne4+ {[%emt 0:00:03]} 28. Kf3 {[%emt 0:00:06]} Kxf7 {[%emt 0:00:10]} 29. Kxe4 {[%emt 0:00:03]} Nc5+ {[%emt 0:00:13]} 30. Kd5 {[%emt 0:00:06]} Be7 {[%emt 0:00:10]} 31. Bxc5 {[%emt 0:00:05]} bxc5 {[%emt 0:00:04]} 32. Rd7 {[%emt 0:00:02]} Red8 {[%emt 0:00:05]} 33. Rxd8 {[%emt 0:00:03]} Rxd8+ {[%emt 0:00:01]} 34. Kc6 {[%emt 0:00:01]} Rxd1 {[%emt 0:00:01]} 35. Nf4 {[%emt 0:00:02] Vinter resigns Vinter resigns Vinter resigns} 0-1